[Event "40th Olympiad Women"]
[Site "Istanbul TUR"]
[Date "2012.09.01"]
[Round "5.43"]
[Board "1"]
[White "Al-Rufaye, Iman Hasan Mohammed"]
[Black "Madrigal, Ana Daniela"]
[Result "1/2-1/2"]
[WhiteTitle "WIM"]
[BlackTitle "WFM"]
[WhiteElo "2171"]
[BlackElo "2026"]
[WhiteTeam "Iraq"]
[BlackTeam "Nicaragua"]
[WhiteFideId "4801067"]
[BlackFideId "6101097"]
[EventDate "2012.08.28"]

1. e4 e5 2. Nf3 Nc6 3. Bc4 Bc5 4. c3 Nf6 5. d3 d6 6. O-O a6 7. Bb3 Ba7 8. Nbd2
O-O 9. h3 Ne7 10. d4 Ng6 11. Re1 Re8 12. Ng5 Re7 13. Ndf3 Qe8 14. dxe5 dxe5 15.
Nh2 h6 16. Ngf3 Bd7 17. Nf1 Bc6 18. Ng3 Rd7 19. Qc2 Nf4 20. Be3 N6h5 21. Bxa7
Rxa7 22. Nxh5 Nxh5 23. Rad1 a5 24. Bd5 Bxd5 25. exd5 Re7 26. d6 cxd6 27. Rxd6 b5
28. Red1 Rad7 29. Rxd7 Rxd7 30. Rxd7 Qxd7 31. Nxe5 Qd5 32. Nf3 Nf4 33. Kh2 Nd3
34. b3 Kf8 35. Nh4 Qe5+ 36. g3 Ne1 37. Qd1 Ke8 38. Nf3 Nxf3+ 39. Qxf3 Qe1 40.
Qe3+ Qxe3 41. fxe3 Kd7 42. Kg2 Kd6 43. Kf3 Ke5 44. e4 b4 45. c4 Kd4 46. Kf4 a4
47. g4 a3 48. Kf5 Kc3 49. c5 Kb2 50. c6 Kxa2 51. c7 Kxb3 52. c8=Q Kb2 53. Qd7 b3
54. Qd2+ Kb1 55. Qc3 Ka2 56. Qxg7 b2 57. Qxf7+ Ka1 58. Qb3 a2 59. Qc3 Kb1 60.
Qd3+ Kc1 61. Qc4+ Kb1 62. Qf1+ Kc2 63. Qc4+ Kb1 64. Qd3+ Kc1 65. Qc3+ 1/2-1/2

[Event "40th Olympiad Women"]
[Site "Istanbul TUR"]
[Date "2012.09.01"]
[Round "5.43"]
[Board "2"]
[White "Mendieta, Kathya"]
[Black "Jalaluldeen, Kareen Kamal J."]
[Result "1-0"]
[WhiteTitle "WCM"]
[BlackTitle "WFM"]
[WhiteElo "1763"]
[BlackElo "1779"]
[WhiteTeam "Nicaragua"]
[BlackTeam "Iraq"]
[WhiteFideId "6101496"]
[BlackFideId "4801776"]
[EventDate "2012.08.28"]

1. e4 e6 2. d4 d5 3. exd5 exd5 4. Bd3 Bd6 5. Nf3 Nf6 6. O-O O-O 7. Bg5 h6 8. Bh4
Bg4 9. h3 Be6 10. Nbd2 Nbd7 11. Re1 c6 12. Nf1 Qc7 13. Bg3 Bf4 14. Bxf4 Qxf4 15.
Ng3 Rfe8 16. Qd2 Qxd2 17. Nxd2 c5 18. c3 cxd4 19. cxd4 g6 20. f4 Nf8 21. Nf3
N6h7 22. f5 gxf5 23. Bxf5 Ng5 24. Ne5 Bxf5 25. Nxf5 Kh7 26. Rac1 Rac8 27. Nd6
Rxc1 28. Rxc1 Re7 29. Nf5 Re6 30. Rc7 Rf6 31. Ne3 Rb6 32. Nxf7 Nxf7 33. Rxf7+
Kg8 34. Rf2 Rb5 35. Nf5 h5 36. Re2 Kf7 37. Nd6+ 1-0

[Event "40th Olympiad Women"]
[Site "Istanbul TUR"]
[Date "2012.09.01"]
[Round "5.44"]
[Board "3"]
[White "Masiyazi, Rhoda"]
[Black "Mencos, Claudia"]
[Result "0-1"]
[BlackTitle "WIM"]
[WhiteElo "2005"]
[BlackElo "2035"]
[WhiteTeam "Zimbabwe"]
[BlackTeam "Guatemala"]
[WhiteFideId "11000090"]
[BlackFideId "7300573"]
[EventDate "2012.08.28"]

1. e4 c5 2. Nf3 e6 3. d4 cxd4 4. Nxd4 a6 5. Bd3 Bc5 6. Be3 Qb6 7. Nb3 Bxe3 8.
fxe3 Qxe3+ 9. Qe2 Qxe2+ 10. Bxe2 Nc6 11. c3 Nf6 12. N1d2 O-O 13. g4 d6 14. g5
Ne8 15. h4 Ne5 16. O-O-O b6 17. h5 Bb7 18. Rh4 Rc8 19. Kb1 b5 20. a3 d5 21. Nd4
Nd6 22. exd5 Bxd5 23. N4f3 Nf5 24. Rf4 Nxf3 25. Nxf3 Ng3 26. Ng1 Rcd8 27. Bg4 e5
28. Rf2 Ne4 29. Rf5 Be6 30. Rxd8 Rxd8 31. Nf3 Ng3 32. Rxe5 Bxg4 33. Nd4 Bxh5 34.
Kc2 Bg6+ 35. Kb3 Nh5 36. Kb4 Nf4 37. Ka5 Nd3 38. Re7 Ra8 39. Re2 Kf8 40. Nc6 Nf4
41. Rd2 Ne6 42. Nb4 Be4 43. Rd7 Nc5 44. Rc7 Nb3+ 45. Kb6 Nd2 46. Nxa6 Nc4+ 47.
Kxb5 Nxb2 48. Nc5 Bc2 49. Kb4 Rb8+ 50. Ka5 Nc4+ 51. Ka6 Ra8+ 52. Kb7 Rxa3 53.
Nd7+ Ke8 54. Rxc4 Kxd7 55. Rc7+ Ke6 56. c4 Be4+ 57. Kb6 Rg3 58. Rc5 Rb3+ 59. Ka5
Kd6 60. Rc8 Rg3 61. Kb6 Rxg5 62. c5+ Ke7 63. Rc7+ Kf6 64. Rd7 Re5 65. Rd2 Re6+
66. Kb5 g5 0-1

[Event "40th Olympiad Women"]
[Site "Istanbul TUR"]
[Date "2012.09.01"]
[Round "5.45"]
[Board "2"]
[White "Pasku, Roela"]
[Black "Makhlouf, Youmna"]
[Result "1/2-1/2"]
[WhiteTitle "WFM"]
[BlackTitle "WFM"]
[WhiteElo "1915"]
[BlackElo "1950"]
[WhiteTeam "Albania"]
[BlackTeam "Lebanon"]
[WhiteFideId "4700708"]
[BlackFideId "5300819"]
[EventDate "2012.08.28"]

1. d4 Nf6 2. Nf3 e6 3. Bg5 c5 4. c4 Qb6 5. Qb3 Nc6 6. dxc5 Bxc5 7. Qxb6 axb6 8.
Bxf6 gxf6 9. e3 Nb4 10. Na3 Rxa3 11. bxa3 Nc2+ 12. Kd1 Nxa1 13. Kc1 Bxa3+ 14.
Kb1 d6 15. Kxa1 e5 16. Bd3 f5 17. Bc2 Be6 18. Bb3 h6 19. Ne1 Ke7 20. Nc2 Bc5 21.
Kb2 Rg8 22. g3 h5 23. Kc3 Kf6 24. a4 f4 25. Rf1 Bh3 26. Rd1 fxe3 27. Nxe3 Bxe3
28. fxe3 Ke7 29. Bc2 Kd7 30. Be4 Kc7 31. Bd5 Rg7 32. Rd2 Bd7 33. Ra2 Bc6 34. Rf2
Bxa4 35. Rxf7+ Rxf7 36. Bxf7 Bd1 37. Kd3 Bf3 38. Bd5 Bg4 39. Ke4 Bd7 40. Bf7 Bg4
41. h3 Bxh3 42. Bxh5 Kc6 43. g4 Kc5 44. g5 Be6 45. Be8 Bxc4 46. Kf5 Bd3+ 47. Kf6
b5 48. g6 Bxg6 49. Bxg6 b4 50. Bd3 b3 51. Ke6 b5 52. Bb1 b4 53. Bd3 b2 54. Bb1
b3 55. Bd3 Kb4 56. Bh7 Kc3 57. Kd5 Kd2 58. Kc4 Kxe3 59. Kxb3 Kd2 60. Kxb2 d5 61.
Bg8 d4 62. Bd5 Kd3 63. Kc1 Ke2 64. Bf7 d3 65. Bh5+ Ke1 66. Kb2 e4 67. Kc3 Kf2
68. Kd2 Kg3 1/2-1/2

[Event "40th Olympiad Women"]
[Site "Istanbul TUR"]
[Date "2012.09.01"]
[Round "5.46"]
[Board "1"]
[White "Lin, Yu-Tong Elaine"]
[Black "Al-khelaifi, Aisha"]
[Result "1/2-1/2"]
[WhiteElo "1482"]
[BlackElo "1688"]
[WhiteTeam "Chinese Taipei"]
[BlackTeam "Qatar"]
[WhiteFideId "16300149"]
[BlackFideId "12100625"]
[EventDate "2012.08.28"]

1. e4 e5 2. Nf3 Nf6 3. Nxe5 d6 4. Nf3 Nxe4 5. Nc3 Nxc3 6. dxc3 Be7 7. Be3 Be6 8.
Qd2 Nc6 9. Bd3 Qd7 10. O-O-O a6 11. h3 O-O-O 12. Nd4 Nxd4 13. Bxd4 f6 14. Rhe1
c5 15. Be3 g6 16. Qe2 Rhe8 17. Bxc5 dxc5 18. Qxe6 Qxe6 19. Rxe6 f5 20. Rde1 Bg5+
21. Kb1 Rxe6 22. Rxe6 c4 23. Be2 Kd7 24. Bxc4 Kc7 25. Re1 Rd2 26. Rf1 Rd7 27.
Bd3 Re7 28. a3 f4 29. f3 Bh4 30. Be4 Rd7 31. Kc1 b6 32. Rd1 Re7 33. Rd4 b5 34.
Kb1 Bf2 35. Rd5 Be3 36. h4 Rg7 37. Rg5 Re7 38. h5 Rxe4 39. fxe4 f3 40. Rg3 f2
41. Rf3 Kd6 42. hxg6 hxg6 43. e5+ Ke6 44. Ka2 g5 45. Kb3 g4 46. Rf8 Kxe5 47. g3
Bc5 48. Rf7 Ke4 49. c4 Ke3 50. cxb5 axb5 51. c4 Ke2 52. cxb5 f1=Q 53. Rxf1 Kxf1
54. Kc4 Bb6 55. a4 Kf2 56. b4 Kxg3 57. Kd5 1/2-1/2

[Event "40th Olympiad Women"]
[Site "Istanbul TUR"]
[Date "2012.09.01"]
[Round "5.46"]
[Board "2"]
[White "Al-khulaifi, Ghada"]
[Black "Chen, I-Chen"]
[Result "1-0"]
[WhiteElo "1646"]
[BlackElo "1684"]
[WhiteTeam "Qatar"]
[BlackTeam "Chinese Taipei"]
[WhiteFideId "12100633"]
[BlackFideId "16300181"]
[EventDate "2012.08.28"]

1. e4 e5 2. Nc3 Nf6 3. f4 d5 4. fxe5 Nxe4 5. Qf3 Nxc3 6. bxc3 Qh4+ 7. g3 Qe4+ 8.
Qxe4 dxe4 9. Bg2 Nd7 10. Bxe4 Nxe5 11. d4 Nc4 12. Ne2 Bd6 13. O-O O-O 14. Bd3
Nb6 15. c4 Be7 16. Nf4 Bf6 17. c3 c6 18. Nh5 Be7 19. Re1 Re8 20. Ba3 Be6 21.
Bxe7 Rxe7 22. Nf4 Rae8 23. Nxe6 Rxe6 24. Rxe6 Rxe6 25. Kf2 g5 26. a4 Rh6 27. a5
Nc8 28. Kg2 c5 29. Re1 Re6 30. Rxe6 fxe6 31. dxc5 b6 32. axb6 axb6 33. c6 Kf8
34. c5 bxc5 35. Ba6 Nd6 36. c7 Ke7 37. c8=Q Nxc8 38. Bxc8 Kd6 39. Kf3 Kd5 40.
Ke3 Kc4 41. Kd2 Kd5 42. Kd3 h5 43. Bb7+ Ke5 44. Kc4 Kd6 45. h4 Ke5 46. hxg5 Kf5
47. Be4+ Kxg5 48. Bf3 e5 49. Kxc5 e4 50. Bxe4 Kg4 51. Bg6 Kxg3 52. Bxh5 Kf4 53.
Kd4 Kf5 54. c4 Ke6 55. c5 Kd7 56. Kd5 Kc7 57. c6 1-0

[Event "40th Olympiad Women"]
[Site "Istanbul TUR"]
[Date "2012.09.01"]
[Round "5.46"]
[Board "3"]
[White "Wang, Mi"]
[Black "Al-khulaifi, Fatima A."]
[Result "1/2-1/2"]
[WhiteElo "1533"]
[BlackElo "1583"]
[WhiteTeam "Chinese Taipei"]
[BlackTeam "Qatar"]
[WhiteFideId "16300483"]
[BlackFideId "12100382"]
[EventDate "2012.08.28"]

1. e4 e5 2. Nf3 Nf6 3. Nxe5 d6 4. Nf3 Nxe4 5. Nc3 Nxc3 6. dxc3 Be6 7. Be3 Nc6 8.
Qd2 Be7 9. O-O-O Qd7 10. Bd3 O-O-O 11. h3 a6 12. Ng5 Bxg5 13. Bxg5 f6 14. Bf4
Ne5 15. Rhe1 Nxd3+ 16. Qxd3 Qa4 17. Rxe6 Qxf4+ 18. Qe3 Qxe3+ 19. Rxe3 Rde8 20.
Rde1 Kd7 21. Kd2 Rxe3 22. Rxe3 Re8 23. Rd3 Re5 24. g4 Kc6 25. Re3 Rxe3 26. Kxe3
Kd5 27. b3 b5 28. Kd3 c5 29. c4+ bxc4+ 30. bxc4+ Ke5 31. Ke3 g5 32. a3 f5 33. f3
h6 34. a4 1/2-1/2

[Event "40th Olympiad Women"]
[Site "Istanbul TUR"]
[Date "2012.09.01"]
[Round "5.46"]
[Board "4"]
[White "Al-Khelaifi, Kholoud"]
[Black "Liao, Jo-Yu"]
[Result "1-0"]
[WhiteElo "1498"]
[BlackElo "1520"]
[WhiteTeam "Qatar"]
[BlackTeam "Chinese Taipei"]
[WhiteFideId "12100145"]
[BlackFideId "16300459"]
[EventDate "2012.08.28"]

1. d4 d5 2. e3 Nf6 3. Bd3 c6 4. f4 g6 5. Nf3 Bg7 6. O-O O-O 7. Nbd2 e6 8. Ne5
Nbd7 9. c4 Qc7 10. b4 b6 11. c5 Bb7 12. Bb2 Rfe8 13. Ndf3 Nxe5 14. fxe5 Nd7 15.
Nh4 Qc8 16. Qf3 Rf8 17. Qg3 Ba6 18. Bxa6 Qxa6 19. Qe1 f6 20. exf6 Rxf6 21. Rf3
Rxf3 22. Nxf3 bxc5 23. bxc5 Nxc5 24. Ng5 Bf6 25. Qh4 Bxg5 26. Qxg5 Ne4 27. Qe7
Qc8 28. Rf1 Qe8 29. Qc7 Rb8 30. Ba3 a6 31. Bf8 Qxf8 32. Rxf8+ Rxf8 33. Qxc6 1-0

[Event "40th Olympiad Women"]
[Site "Istanbul TUR"]
[Date "2012.09.01"]
[Round "5.47"]
[Board "2"]
[White "Lowry-O'Reilly, Hannah"]
[Black "Amal, Gameel"]
[Result "0-1"]
[WhiteTitle "WFM"]
[WhiteElo "1818"]
[BlackElo "1753"]
[WhiteTeam "Ireland"]
[BlackTeam "Yemen"]
[WhiteFideId "2501597"]
[BlackFideId "9400710"]
[EventDate "2012.08.28"]

1. d4 d5 2. c4 e6 3. Nc3 Nf6 4. Bg5 Be7 5. e3 b6 6. Nf3 Bb7 7. Bxf6 Bxf6 8. cxd5
exd5 9. Qc2 Nd7 10. Bd3 g6 11. O-O c6 12. Rfe1 O-O 13. Rad1 Qc7 14. Nb5 Qb8 15.
Nc3 Bg7 16. e4 dxe4 17. Nxe4 Nf6 18. Nxf6+ Bxf6 19. Qa4 Qd6 20. Ne5 b5 21. Qc2
Rfe8 22. Nf3 Rxe1+ 23. Rxe1 Kf8 24. Qc3 Rd8 25. Be4 Bxd4 26. Nxd4 Qxd4 27. Qa3+
b4 28. Qb3 Re8 29. Qc2 c5 0-1

[Event "40th Olympiad Women"]
[Site "Istanbul TUR"]
[Date "2012.09.01"]
[Round "5.49"]
[Board "3"]
[White "Arosemena, Betty"]
[Black "Jaradat, Shadia Z."]
[Result "1-0"]
[WhiteElo "1657"]
[BlackElo "1647"]
[WhiteTeam "Panama"]
[BlackTeam "Palestine"]
[WhiteFideId "6600425"]
[BlackFideId "11500743"]
[EventDate "2012.08.28"]

1. e4 e5 2. Nf3 Nc6 3. Bc4 Bc5 4. O-O Nf6 5. d4 exd4 6. e5 d5 7. exf6 dxc4 8.
Re1+ Be6 9. Ng5 Qd5 10. Nc3 Qf5 11. Nce4 O-O-O 12. Nxe6 fxe6 13. g4 Qd5 14. fxg7
Rhg8 15. Nf6 Qd6 16. Nxg8 Rxg8 17. Bh6 d3 18. cxd3 cxd3 19. Qf3 Qd7 20. Rad1 Rd8
21. Qe4 Qf7 22. Qxe6+ Qxe6 23. Rxe6 Ne7 24. Rxe7 Bxe7 25. Rxd3 Rg8 26. Rf3 Kd7
27. Kf1 Ke8 28. Ke2 c5 29. Kd3 b5 30. b3 a5 31. Ke4 c4 32. bxc4 bxc4 33. Kd4 Kd7
34. Kxc4 Ke6 35. Rf8 Bf6 1-0

[Event "40th Olympiad Women"]
[Site "Istanbul TUR"]
[Date "2012.09.01"]
[Round "5.50"]
[Board "2"]
[White "Sabure, Ontiretse"]
[Black "Ooft, Tesora"]
[Result "1-0"]
[WhiteTitle "WCM"]
[BlackTitle "WCM"]
[WhiteElo "1682"]
[BlackElo "1716"]
[WhiteTeam "Botswana"]
[BlackTeam "Suriname"]
[WhiteFideId "11300701"]
[BlackFideId "8200475"]
[EventDate "2012.08.28"]

1. e4 c5 2. f4 d6 3. c4 Nf6 4. Nc3 Nbd7 5. Nf3 e6 6. Be2 Be7 7. d3 b6 8. O-O O-O
9. Qe1 Bb7 10. e5 dxe5 11. Nxe5 Nxe5 12. fxe5 Qd4+ 13. Kh1 Qxe5 14. Bf4 Qd4 15.
Rb1 a6 16. Qg3 Kh8 17. Be5 Qd8 18. Bc7 Qd7 19. b3 Bd8 20. Bd6 Rg8 21. b4 Rc8 22.
bxc5 bxc5 23. Bd1 Bc7 24. Rxb7 Qxd6 25. Qxd6 Bxd6 26. Rb6 Be5 27. Na4 Rgd8 28.
Be2 Rd6 29. Rfb1 Rxb6 30. Rxb6 Rb8 31. Rxb8+ Bxb8 32. Nxc5 a5 33. Bd1 Kg8 34. g3
Kf8 35. Kg2 Ke7 36. Kf3 Nd7 37. Nxd7 Kxd7 38. Ke4 f5+ 39. Kd4 f4 40. g4 e5+ 41.
Ke4 g6 42. Kd5 h6 43. c5 g5 44. Ba4+ Ke7 45. Bd1 Kd8 46. Kc6 Kc8 47. Bf3 Bc7 48.
h3 Bb8 49. Kb5 Bc7 50. a4 Kb8 51. Be4 Ka7 52. Kc6 Kb8 53. Kd7 f3 54. Bxf3 e4 55.
Bxe4 Be5 56. c6 Bc7 57. d4 1-0

[Event "40th Olympiad Women"]
[Site "Istanbul TUR"]
[Date "2012.09.01"]
[Round "5.52"]
[Board "2"]
[White "Nasriddinzoda, Marvorii"]
[Black "Byun, Sungwon"]
[Result "1-0"]
[BlackTitle "WCM"]
[WhiteElo "2023"]
[BlackElo "1566"]
[WhiteTeam "Tajikistan"]
[BlackTeam "South Korea"]
[WhiteFideId "14700395"]
[BlackFideId "13200852"]
[EventDate "2012.08.28"]

1. d4 d5 2. Nf3 c6 3. e3 Nf6 4. Bd3 e6 5. O-O Be7 6. Nbd2 Nbd7 7. b3 c5 8. Bb2
b6 9. Ne5 Bb7 10. Ndf3 h6 11. Nxd7 Qxd7 12. Ne5 Qc7 13. Bb5+ Kf8 14. f4 a6 15.
Bd3 Ne4 16. Bxe4 dxe4 17. f5 Bd6 18. fxe6 f6 19. Qh5 1-0

[Event "40th Olympiad Women"]
[Site "Istanbul TUR"]
[Date "2012.09.01"]
[Round "5.52"]
[Board "3"]
[White "Oh, Minah"]
[Black "Ilhom, Mootribai"]
[Result "0-1"]
[WhiteTitle "WCM"]
[WhiteElo "1522"]
[BlackElo "1705"]
[WhiteTeam "South Korea"]
[BlackTeam "Tajikistan"]
[WhiteFideId "13201239"]
[BlackFideId "14700204"]
[EventDate "2012.08.28"]

1. e4 e6 2. d4 d5 3. exd5 exd5 4. Bd3 Bd6 5. Nf3 Nf6 6. O-O Be6 7. Bg5 Nbd7 8.
c3 c6 9. Nbd2 Qc7 10. Qc2 h6 11. Bh4 Nh5 12. Rfe1 O-O 13. Bg3 Nxg3 14. hxg3 Nf6
15. Ne5 Ng4 16. Ndf3 Rfe8 17. Re2 c5 18. Rae1 Nf6 19. dxc5 Bxc5 20. a3 Nd7 21.
Qb1 Bd6 22. Bb5 Red8 23. Nxd7 Bxd7 24. Bxd7 Qxd7 25. Qd3 Bc5 26. Ne5 Qc7 27. Nf3
Qc6 28. Nd4 Bxd4 29. Qxd4 Qc4 30. Qd1 Kf8 31. Re7 Re8 32. Rxb7 Rxe1+ 33. Qxe1
Re8 34. Qf1 Qc5 35. Qd1 a6 36. Qh5 Re1+ 37. Kh2 Qxf2 38. Qxd5 Qg1+ 39. Kh3 Qh1+
40. Kg4 h5+ 41. Kg5 Re5+ 42. Qxe5 f6+ 43. Qxf6+ gxf6+ 44. Kxf6 Qf1+ 45. Kg6 Qxg2
46. Rb8+ Ke7 47. Kxh5 Qxg3 48. Rb7+ Kf6 0-1

[Event "40th Olympiad Women"]
[Site "Istanbul TUR"]
[Date "2012.09.01"]
[Round "5.52"]
[Board "4"]
[White "Odinaeva, Saodat"]
[Black "Cho, Yeonhee"]
[Result "1-0"]
[WhiteElo "1741"]
[BlackElo "1542"]
[WhiteTeam "Tajikistan"]
[BlackTeam "South Korea"]
[WhiteFideId "14700255"]
[BlackFideId "13201190"]
[EventDate "2012.08.28"]

1. d4 Nf6 2. c4 e6 3. a3 c5 4. Nf3 d5 5. e3 Be7 6. Be2 O-O 7. O-O Nbd7 8. Nc3
Re8 9. b3 b6 10. Bb2 Bb7 11. Rc1 Rc8 12. Re1 h6 13. h3 Ba6 14. cxd5 Bxe2 15.
Rxe2 exd5 16. dxc5 Nxc5 17. Nb5 Qd7 18. Nbd4 Bd6 19. Rec2 a6 20. b4 Nce4 21. Qd3
b5 22. Nh4 g6 23. Nc6 Re6 24. Ne7+ Rxe7 25. Rxc8+ Kh7 26. f3 Re8 27. Rxe8 Nxe8
28. fxe4 dxe4 29. Qxe4 1-0

[Event "40th Olympiad Women"]
[Site "Istanbul TUR"]
[Date "2012.09.01"]
[Round "5.53"]
[Board "1"]
[White "Colombo, Camila"]
[Black "Richards, Deborah"]
[Result "1/2-1/2"]
[WhiteTitle "WIM"]
[BlackTitle "WFM"]
[WhiteElo "2095"]
[BlackElo "1997"]
[WhiteTeam "Uruguay"]
[BlackTeam "Jamaica"]
[WhiteFideId "3001822"]
[BlackFideId "7400446"]
[EventDate "2012.08.28"]

1. d4 d5 2. c4 e6 3. Nf3 Nf6 4. Nc3 Be7 5. Bg5 O-O 6. e3 Nbd7 7. Qc2 c6 8. cxd5
exd5 9. Bd3 Re8 10. O-O h6 11. Bf4 Nh5 12. Bg3 Nxg3 13. hxg3 Bf8 14. Rab1 Nf6
15. Ne5 Bd6 16. f4 Qe7 17. Rbe1 Be6 18. a3 Rac8 19. Qa4 Qc7 20. b4 a5 21. Qb3
axb4 22. axb4 Qb6 23. Rb1 Bxe5 24. fxe5 Ng4 25. Na4 Qd8 26. Be2 Qg5 27. Rf4 Qh5
28. Bxg4 Bxg4 29. Nb6 Rcd8 30. b5 Qg5 31. bxc6 bxc6 32. Na4 Be6 33. Rf3 Bf5 34.
Rbf1 Bg6 35. Qc3 Re6 36. Nc5 Re7 37. Qa3 Ree8 38. Nb7 Ra8 39. Qc3 Rec8 40. Nd6
Rc7 41. Nb5 Rcc8 42. Nd6 Rc7 43. Nb5 Rcc8 1/2-1/2

[Event "40th Olympiad Women"]
[Site "Istanbul TUR"]
[Date "2012.09.01"]
[Round "5.53"]
[Board "2"]
[White "Gray, Krishna"]
[Black "de Leon, Patricia"]
[Result "0-1"]
[WhiteElo "1728"]
[BlackElo "1841"]
[WhiteTeam "Jamaica"]
[BlackTeam "Uruguay"]
[WhiteFideId "7400659"]
[BlackFideId "3000273"]
[EventDate "2012.08.28"]

1. d4 d5 2. Nf3 Nf6 3. e3 Bf5 4. c4 c6 5. Qb3 Qc7 6. Nc3 e6 7. a4 Bd6 8. c5 Be7
9. a5 Nbd7 10. Nh4 Bg6 11. f4 Ng4 12. Nxg6 hxg6 13. h3 f5 14. g3 Kf7 15. Bg2
Ngf6 16. Qc2 b6 17. b4 b5 18. h4 Ng4 19. Bf3 Ndf6 20. Bb2 Nxe3 21. Qe2 Nc4 22.
O-O-O a6 23. Rhe1 Ne4 24. Bxe4 dxe4 25. Nb1 Rad8 26. Na3 Nxa3 27. Bxa3 Bf6 28.
Bb2 Qd7 29. Qe3 Qd5 30. Qc3 Qd7 31. Qe3 Qe7 32. Rh1 Rd5 33. Rd2 Rhd8 34. Rhd1
R8d7 35. Bc3 Qd8 36. Kc2 Qh8 37. Kb1 Qh5 38. Rf1 Qg4 39. Kb2 Qh3 40. Rff2 Bxh4
41. Rg2 Bf6 42. Rh2 Qf1 43. Rhe2 Rd8 44. Re1 Qh3 45. Red1 Rh8 46. Qf2 Qg4 47.
Rg1 Rh3 48. Qg2 Rd8 49. Kb3 Rdh8 50. Qf2 g5 51. Kb2 gxf4 52. gxf4 Qf3 53. Rh1 e3 0-1

[Event "40th Olympiad Women"]
[Site "Istanbul TUR"]
[Date "2012.09.01"]
[Round "5.53"]
[Board "3"]
[White "Costa, Anaclara"]
[Black "Zhu, Hui"]
[Result "1/2-1/2"]
[BlackTitle "WCM"]
[WhiteElo "1673"]
[BlackElo "1952"]
[WhiteTeam "Uruguay"]
[BlackTeam "Jamaica"]
[WhiteFideId "3005666"]
[BlackFideId "7400390"]
[EventDate "2012.08.28"]

1. d4 d5 2. c4 e6 3. Nc3 Nf6 4. cxd5 exd5 5. Bg5 Be7 6. e3 O-O 7. Qc2 Nbd7 8.
Bd3 h6 9. Bh4 Re8 10. Nf3 c6 11. O-O Ne4 12. Bxe7 Qxe7 13. Rab1 Nf8 14. b4 b6
15. Ne5 Nxc3 16. Qxc3 c5 17. bxc5 bxc5 18. Bb5 cxd4 19. exd4 Bd7 20. Bxd7 Nxd7
21. Rb7 Red8 22. Nc6 Qf6 23. Nxd8 Qxd8 24. Rc1 Nb6 25. Qc7 Qf6 26. Rc6 Re8 27.
h3 Qf5 28. Rb8 Rxb8 29. Qxb8+ Kh7 30. Qxa7 Nc4 31. Qc7 Nd2 32. Rc1 Nc4 33. Rxc4
dxc4 34. Qxc4 Qb1+ 35. Kh2 Qf5 36. Kg1 Qb1+ 37. Qf1 Qxa2 38. Qd1 Qd5 39. Qd3+ g6
40. Qd1 Kg7 41. Qa1 Kf6 42. Qa6+ 1/2-1/2

[Event "40th Olympiad Women"]
[Site "Istanbul TUR"]
[Date "2012.09.01"]
[Round "5.53"]
[Board "4"]
[White "Barrett, Ariel"]
[Black "de San Vicente, Sabrina"]
[Result "1/2-1/2"]
[WhiteTitle "WCM"]
[WhiteElo "1774"]
[BlackElo "1730"]
[WhiteTeam "Jamaica"]
[BlackTeam "Uruguay"]
[WhiteFideId "7400411"]
[BlackFideId "3003973"]
[EventDate "2012.08.28"]

1. e4 e5 2. Nf3 Nf6 3. Nxe5 d6 4. Nf3 Nxe4 5. c4 c6 6. Nc3 d5 7. cxd5 Nxc3 8.
dxc3 cxd5 9. Bb5+ Nc6 10. O-O Bd6 11. Re1+ Be6 12. Nd4 Qd7 13. Qg4 O-O 14. Nxe6
g6 15. Bxc6 bxc6 16. Bh6 Rfe8 17. h4 Rxe6 18. Rxe6 Qxe6 19. Qxe6 fxe6 20. Re1
Kf7 21. g3 e5 22. Rd1 Ke6 23. Kf1 Bc5 24. Ke2 Rb8 25. Rd2 Rb7 26. b3 Rf7 27. Be3
Bxe3 28. Kxe3 Rb7 29. Kd3 Rd7 30. Ke3 Rf7 31. Rc2 Kd6 32. f3 1/2-1/2

[Event "40th Olympiad Women"]
[Site "Istanbul TUR"]
[Date "2012.09.01"]
[Round "5.54"]
[Board "1"]
[White "Ishizuka, Mirai"]
[Black "Tembo, Epah"]
[Result "0-1"]
[BlackTitle "WCM"]
[WhiteElo "1839"]
[BlackElo "1927"]
[WhiteTeam "Japan"]
[BlackTeam "Zambia"]
[WhiteFideId "7001070"]
[BlackFideId "8700125"]
[EventDate "2012.08.28"]

1. e4 e6 2. d4 d5 3. Nc3 Nf6 4. e5 Nfd7 5. f4 c5 6. Nf3 Nc6 7. Be3 a6 8. Qd2 f6
9. exf6 Qxf6 10. dxc5 Bxc5 11. Bxc5 Nxc5 12. O-O-O O-O 13. g3 Kh8 14. Nd4 Bd7
15. Bg2 b5 16. Nce2 Ne7 17. Rhe1 a5 18. Kb1 b4 19. Nc1 Rab8 20. Ncb3 Nb7 21. Nf3
a4 22. Nbd4 Nc5 23. Ne5 Rfd8 24. Qe3 Be8 25. Ng4 Qg6 26. Nxe6 Nxe6 27. Qxe6 b3
28. Rc1 bxc2+ 29. Ka1 a3 30. b3 Qd3 31. Qe3 Qxe3 32. Rxe3 d4 33. Rxe7 d3 34. Ne3
d2 35. Rxe8+ Rxe8 36. Rxc2 Rxe3 0-1

[Event "40th Olympiad Women"]
[Site "Istanbul TUR"]
[Date "2012.09.01"]
[Round "5.58"]
[Board "1"]
[White "Krifa, Najla"]
[Black "Lyons, Kieran"]
[Result "1-0"]
[WhiteTitle "WFM"]
[BlackTitle "WFM"]
[WhiteElo "1782"]
[BlackElo "1825"]
[WhiteTeam "Tunisia"]
[BlackTeam "Fiji"]
[WhiteFideId "5501040"]
[BlackFideId "11400102"]
[EventDate "2012.08.28"]

1. e4 c5 2. Nc3 e6 3. f4 Nf6 4. Nf3 Nc6 5. Bb5 a6 6. Bxc6 bxc6 7. d3 d5 8. O-O
Be7 9. Ne5 Qb6 10. Kh1 Nd7 11. Qg4 g6 12. Rb1 f6 13. Nf3 Nf8 14. Qg3 Bd7 15. Bd2
O-O-O 16. Rfe1 h5 17. exd5 cxd5 18. Nxd5 exd5 19. Rxe7 Qd6 20. Ree1 h4 21. Nxh4
Rh5 22. Ba5 Re8 23. Rxe8+ Bxe8 24. Re1 Bf7 25. Kg1 c4 26. d4 Ne6 27. Nxg6 Nxd4
28. Qg4+ 1-0

[Event "40th Olympiad Women"]
[Site "Istanbul TUR"]
[Date "2012.09.01"]
[Round "5.58"]
[Board "2"]
[White "Sukhu, Gloria"]
[Black "Matoussi, Amani"]
[Result "0-1"]
[WhiteElo "1528"]
[BlackElo "1581"]
[WhiteTeam "Fiji"]
[BlackTeam "Tunisia"]
[WhiteFideId "11400099"]
[BlackFideId "5501156"]
[EventDate "2012.08.28"]

1. e4 e5 2. Nf3 Nf6 3. Nc3 Nc6 4. a3 Bc5 5. h3 O-O 6. Bc4 d6 7. Na4 Nxe4 8. Nxc5
Nxc5 9. O-O d5 10. Ba2 e4 11. Nh2 Be6 12. b4 Nd7 13. Bb2 Qg5 14. Ng4 h5 15. f4
exf3 16. gxf3 hxg4 17. fxg4 Nde5 18. Rf2 Ng6 19. Qf3 Nce7 20. Raf1 f5 21. Qc3
Qh6 22. g5 Qxg5+ 23. Rg2 Qf6 24. d4 c6 25. Bc1 f4 26. Qd3 Bf5 27. Qe2 Bxh3 28.
Rxg6 Qxg6+ 29. Kh2 Qg3+ 30. Kh1 f3 31. Qf2 Qg2+ 32. Qxg2 fxg2+ 0-1